| 000 | 00339nam a2200133Ia 4500 | ||
|---|---|---|---|
| 005 | 20251222143131.0 | ||
| 008 | 251222s9999||||xx |||||||||||||| ||spa|| | ||
| 020 | _a84-7908-009-4 | ||
| 082 | _a378.121/C33 | ||
| 100 | _aCastejín Costa, Juan L. | ||
| 245 | 0 | _aEnseñanza Universitaria: | |
| 264 | _bUniversidad de Alicante | ||
| 942 | _cLIB | ||
| 999 |
_c11926 _d11926 |
||